| 000 | 00618nam a2200217 u 4500 | ||
|---|---|---|---|
| 005 | 20240921063908.0 | ||
| 008 | 100215s2004 r 000 0 eng d | ||
| 020 | _a9968153257 | ||
| 035 | _aUPN01000174738 | ||
| 049 | _aI | ||
| 050 | 4 |
_aPZ78 _bR8.6 2006 |
|
| 100 | 1 |
_aRubio Torres, Carlos, _d1968- |
|
| 245 | 1 | 0 |
_aQueremos jugar / _cCarlos Rubio ; il. Vicky Ramos. |
| 250 | _a2a ed. | ||
| 260 |
_aBogotá : _bNorma, _b2006. |
||
| 300 |
_a67 p. _bil. |
||
| 440 | 0 |
_aTorre de papel. _pAzul |
|
| 650 | 4 |
_aCuentos infantiles costarricenses _911433 |
|
| 650 | 4 |
_aLibros y lectura para niños _92290 |
|
| 905 | _aLibro | ||
| 999 |
_c146842 _d146842 |
||